000 00719nam a2200229 a 4500
001 58957
003 BD-RjUL
005 20211209080659.0
008 161220s1968 pk a s 001 0 eng
035 _a(BD-RjUL)59081
040 _aDLC
_cDLC
_dDLC
_beng
041 _aeng
082 _223
_a332.6322095491
_bSTB 1968
110 2 _aState Bank of Pakistan.
_bDepartment of Statistics.
_9175315
245 1 0 _aBreak-up values of shares of joint stock companies (1961-66).
260 _aKarachi :
_bState bank of Pakistan,
_c1968
300 _av, 50 p. :
_bill. ;
_c25 cm.
650 0 _aStocks
_zPakistan.
_9175316
650 0 _aCorporations
_xValuation
_zPakistan.
_9175317
942 _2ddc
_cBK
999 _c58957
_d58957